Ako sa rodili pesničky

Bibliographic Details
Main Author: Čepčeková, Elena, 1922-1992 (Author)
Format: Article
Language:Slovak
Subjects:

MARC

LEADER 00000cab a2200000 a 4500
001 vtls000243018
003 SK-MaSNL
005 20260304205818.0
008 111130|1986 xo | || || 0| slo
015 |a SNBRB19rr/mm-uuuuu 
035 |a CL0253132 
040 |a SNKBUCL  |b slo  |c SNKBUCL  |e AACR2 
041 0 |a slo 
044 |a xo  |c SK 
080 |a 885.4-1(087.5)  |2 1981 
100 1 |a Čepčeková, Elena,  |d 1922-1992  |4 aut  |9 93046 
245 1 0 |a Ako sa rodili pesničky  |c Elena Čepčeková 
655 7 |a články z novín a časopisov  |2 snkbucl  |9 267496 
655 7 |a články z odboru literárna veda a krásna literatúra  |2 snkbucl  |9 770045 
655 7 |a slovenská poézia  |2 snkbucl  |9 70444 
773 0 |t Ohník  |g Roč. 38, č. 15 (1985/1986), s. 4 
850 |a Slovenská národná knižnica 
852 |a Slovenská národná knižnica 
958 |a RK 
958 |a LX 
992 |a RBX 
999 |c 3123021  |d 3124951